Welcome to the Holygrace Academy Library

Please use search bar below to get started

C.NNECT THE D.TS (Record no. 5229)

MARC details
000 -LEADER
fixed length control field 00254nam a22001217a 4500
082 ## - DEWEY DECIMAL CLASSIFICATION NUMBER
Classification number 158
Item number BAN/D
100 ## - MAIN ENTRY--AUTHOR NAME
Personal name BAN
245 ## - TITLE STATEMENT
Title C.NNECT THE D.TS
260 ## - PUBLICATION, DISTRIBUTION, ETC. (IMPRINT)
Place of publication NEW DELHI
Name of publisher WESTLAND
300 ## - PHYSICAL DESCRIPTION
Number of Pages 334
650 ## - SUBJECT ADDED ENTRY--TOPICAL TERM
Topical Term PERSONALITY DVELOPMENT
Geographic subdivision DELHI
942 ## - ADDED ENTRY ELEMENTS (KOHA)
Koha item type Books
Holdings
Withdrawn status Lost status Collection code Home library Current library Shelving location Date acquired Full call number Accession Number Koha item type
    Reference Main Library Main Library SHELF-17G-PERSONALITY DEVELOPMENT BOOKS 18/10/2023 158 BAN/D 07571 Books